000 00776cam a2200217 4500
001 WB3623-32
008 000000n2000 000 0 eng u
035 _a(Sirsi) u106430
245 _aHunting: - the wider social context
260 _c2000
490 _aGuardian
_v 13 June 2000, 7(2)
520 _aGives edited extracts from the Burns report into hunting with dogs in England and Wales. Includes issues such as animal welfare, jobs and considers the consequences of implementing any ban. + table
590 _aWB
650 _aREPORT OF THE COMMITTEE OF INQUIRY INTO HUNTING WITH DOGS IN ENGLAND AND WALES
650 _aFOX HUNTING
650 _aANIMAL WELFARE
650 _aRURAL COMMUNITIES
650 _aSTATISTICS
690 _aRural
_96268
942 _n0
999 _c63747
_d63747